Les matches d'ouverture des Coupes du monde - Statistiques

Statistiques générales
  • Ce quiz a été pris 960 fois
    955 depuis la dernière actualisation
  • Le résultat moyen est 17 sur 20
Statistiques - réponses
Dates 1re équipe 2de équipe Scores % Correct
24 juin 1950 à 15 heures Brésil Mexique 4-0
97%
13 juin 1974 à 16 heures Brésil Yougoslavie 0-0
97%
10 juin 1998 à 17 heures 30 Brésil Écosse 2-1
97%
12 juin 2014 à 20 heures Brésil Croatie 3-1
97%
13 juillet 1930 à 15 heures France Mexique 4-1
96%
31 mai 2002 à 13 heures 30 France Sénégal 0-1
96%
4 juin 1938 à 18 heures Allemagne Suisse 1-1
95%
17 juin 1994 à 14 heures 05 Allemagne Bolivie 1-0
95%
9 juin 2006 à 18 heures Allemagne Costa Rica 4-2
95%
20 novembre 2022 à 17 heures Qatar Équateur 0-2
95%
14 juin 2018 à 15 heures Russie Arabie Saoudite 5-0
94%
13 juin 1982 à 20 heures Argentine Belgique 0-1
89%
8 juin 1990 à 18 heures Argentine Cameroun 0-1
89%
11 juin 2010 à 16 heures Afrique du Sud Mexique 1-1
88%
31 mai 1986 à 12 heures Italie Bulgarie 1-1
87%
11 juillet 1966 à 19 heures 30 Angleterre Uruguay 0-0
79%
31 mai 1970 à 12 heures Mexique Union Soviétique 0-0
66%
13 juillet 1930 à 15 heures États-Unis Belgique 3-0
65%
8 juin 1958 à 14 heures Suède Mexique 3-0
58%
1er juin 1978 à 15 heures Pologne Allemagne de l'Ouest 0-0
35%
Aucun quiz correspondant
Distribution des résultats
% des personnes avec chaque résultat
Percentile par nombre de réponses
Votre historique - résultats
Vous n’avez pas pris ce quiz depuis la dernière actualisation